Statistics for Demographics of Poland / Demografia Polski

Click here to take the quiz!

General Stats

  • This quiz has been taken 507 times
    (496 since last reset)
  • The average score is 5 of 10

Answer Stats

# Nation / NarĂ³d % Correct
59 000German
89%
37 000Ukrainian
81%
8 000Russian
77%
5 000Lithuanian
68%
36 000Belarusian
62%
12 000Romani people
59%
17 000Kashubian
29%
7 000Lemko
25%
3 000Vietnamese
24%
3 000Armenian
20%

Score Distribution

Percentile by Number Answered

Percent of People with Each Score

Your Score History

You have not taken this quiz since the last reset